<?xml version="1.0" encoding="UTF-8"?><?xml-stylesheet type="text/xsl" href="static/style.xsl"?><OAI-PMH xmlns="http://www.openarchives.org/OAI/2.0/" xmlns:xsi="http://www.w3.org/2001/XMLSchema-instance" xsi:schemaLocation="http://www.openarchives.org/OAI/2.0/ http://www.openarchives.org/OAI/2.0/OAI-PMH.xsd"><responseDate>2026-04-17T03:37:25Z</responseDate><request verb="GetRecord" identifier="oai:www.recercat.cat:2072/425443" metadataPrefix="marc">https://recercat.cat/oai/request</request><GetRecord><record><header><identifier>oai:recercat.cat:2072/425443</identifier><datestamp>2024-10-31T01:23:18Z</datestamp><setSpec>com_2072_98</setSpec><setSpec>col_2072_378192</setSpec></header><metadata><record xmlns="http://www.loc.gov/MARC21/slim" xmlns:dcterms="http://purl.org/dc/terms/" xmlns:xsi="http://www.w3.org/2001/XMLSchema-instance" xmlns:doc="http://www.lyncode.com/xoai" xsi:schemaLocation="http://www.loc.gov/MARC21/slim http://www.loc.gov/standards/marcxml/schema/MARC21slim.xsd">
   <leader>00925njm 22002777a 4500</leader>
   <datafield ind2=" " ind1=" " tag="042">
      <subfield code="a">dc</subfield>
   </datafield>
   <datafield ind2=" " ind1=" " tag="720">
      <subfield code="a">Villalta Jiménez, David</subfield>
      <subfield code="e">author</subfield>
   </datafield>
   <datafield ind2=" " ind1=" " tag="260">
      <subfield code="c">2017</subfield>
   </datafield>
   <datafield ind2=" " ind1=" " tag="520">
      <subfield code="a">En este artículo se examina la visión con que Gustave Doré (1832-1883) dio forma al bosque de los suicidas en sus ilustraciones para la Divina Comedia de Dante Alighieri en 1861, partiendo de la recepción de la crítica así como de una comparativa entre el texto original y las distintas obras que han ilustrado el canto a lo largo de los siglos. El objetivo es dilucidar hasta qué punto la crítica contemporánea del artista acertó en su visión peyorativa del tema planteado y, al mismo tiempo, ubicar y definir la visión romántica del canto. Las fuentes y los datos aquí tratados descubren cómo Doré, lejos de lo prejuzgado, abordó la ilustración de la Comedia con un planteamiento innecesariamente correcto o incorrecto, sino hijo de su época, de su sensibilidad y con diversas conexiones, ineludibles, con el pensamiento estético del momento.</subfield>
   </datafield>
   <datafield ind2=" " ind1=" " tag="520">
      <subfield code="a">The present article seeks to dig into Gustave Doré's (1832-1883) vision of the Wood of the Suicides from his illustrations of the Divine Comedy (d. 1861), establishing a comparison between its critical reception, the works that have illustrated the chant over the centuries and Doré's works themselves. A goal here is to glimpse if negative criticism had any basis beyond the prejudices of that period and, at the same time, to showcase the Romantic vision that transformed the chant into something completely new in the XIXth century. The sources prove how Doré, far from what critics intended to see in his works, approached Dante Alighieri's capolavoro with a neither correct or incorrect vision, but a vision that is a part of his own time and sensitivity, with several inescapable connections with his contemporary aesthetic views and theories.</subfield>
   </datafield>
   <datafield tag="653" ind2=" " ind1=" ">
      <subfield code="a">Gustave Doré</subfield>
   </datafield>
   <datafield tag="653" ind2=" " ind1=" ">
      <subfield code="a">Dante Alighieri</subfield>
   </datafield>
   <datafield tag="653" ind2=" " ind1=" ">
      <subfield code="a">Canto XIII</subfield>
   </datafield>
   <datafield tag="653" ind2=" " ind1=" ">
      <subfield code="a">Divina comedia</subfield>
   </datafield>
   <datafield tag="653" ind2=" " ind1=" ">
      <subfield code="a">Romanticismo</subfield>
   </datafield>
   <datafield tag="653" ind2=" " ind1=" ">
      <subfield code="a">Ilustración</subfield>
   </datafield>
   <datafield tag="653" ind2=" " ind1=" ">
      <subfield code="a">Divine comedy</subfield>
   </datafield>
   <datafield tag="653" ind2=" " ind1=" ">
      <subfield code="a">Pier della Vigna</subfield>
   </datafield>
   <datafield tag="653" ind2=" " ind1=" ">
      <subfield code="a">Romanticism</subfield>
   </datafield>
   <datafield tag="653" ind2=" " ind1=" ">
      <subfield code="a">Illustration</subfield>
   </datafield>
   <datafield ind2="0" ind1="0" tag="245">
      <subfield code="a">¿Lucidez o fantasía neurótica? Gustave Doré como ilustrador de la Divina Comedia : el caso del bosque de los suicidas</subfield>
   </datafield>
</record></metadata></record></GetRecord></OAI-PMH>